| 000 | 01124nam a22003257a 4500 | ||
|---|---|---|---|
| 003 | CHAP | ||
| 005 | 20220329143531.0 | ||
| 008 | 100415s2007 fr r 00010 eng d | ||
| 010 | _a98154 | ||
| 011 | _a99126 | ||
| 020 | _a9264198253 | ||
| 035 | _a109811 | ||
| 040 | _cCHAP | ||
| 082 | 0 | 4 |
_a343.07869 _bOc19 |
| 110 | 2 |
_aOrganización para la Cooperación y el Desarrollo Económicos. París _983559 |
|
| 245 | 1 | 0 |
_aEnvironmentally sustainable buldings : _bchallenges and policies _c/ Por: Organización para la Cooperación y el Desarrollo Económicos |
| 260 |
_aParis : _bOECD, _c2003 |
||
| 300 |
_a195 p. : _bcuadros, gráfs. |
||
| 590 |
_aBATCH-UPD _b10 _c20130110 _lUCH01 _h1249 |
||
| 590 |
_aBATCH-UPD _b10 _c20130410 _lUCH01 _h0812 |
||
| 590 |
_aBATCH-UPD _b10 _c20130914 _lUCH01 _h0400 |
||
| 590 |
_aCONVERSION _b10 _c20130109 _lUCH01 _h1354 |
||
| 650 | 0 | 4 |
_aArquitectura ecológica. _97379 |
| 650 | 1 | 4 |
_aImpacto ambiental. _957465 |
| 650 | 1 | 4 |
_aPolítica ambiental. _990422 |
| 901 | _aBK | ||
| 911 | _aen proceso | ||
| 942 | _cLIBRO | ||
| 949 |
_a343.07869 Oc19 _bBC _cLIBRO _d33724002125538 _eLIBRO _h112280 _i109811 _sb |
||
| 999 |
_c98154 _d98154 |
||